This is Halloween - Lyrics (Nightmare Before Christmas) - Statistics

General Stats
  • This quiz has been taken 88 times
  • The average score is 292 of 389
Answer Stats
Answer % Correct
I
100%
This,
100%
This
100%
this
100%
Halloween
97%
Halloween,
97%
is
97%
the
97%
a
95%
you
94%
to
92%
every
89%
and
88%
And
88%
night
88%
of
88%
in
85%
In
85%
pumpkin
85%
Pumpkin
85%
town
85%
town,
85%
"Who"
85%
scream
83%
Scream!
83%
scream,
83%
scream!
83%
your
83%
am
82%
dead
82%
hail
80%
red
80%
Red
80%
see
80%
we
80%
on
78%
under
78%
will
78%
with
78%
everybody
77%
Everybody
77%
hair
77%
king
77%
King
77%
like
77%
no
77%
our
77%
Our
77%
bed
75%
call
75%
call,
75%
Come
75%
Everyone,
75%
hiding
75%
home
75%
it
75%
Jack
75%
spiders
74%
when
74%
for
72%
my
72%
us
72%
age
71%
Boys
71%
don't
71%
Don't
71%
girls
71%
love
71%
stairs
71%
eyes
69%
fright
69%
make
69%
Make
69%
Moon
69%
now?
69%
now
69%
snakes
68%
glowing
66%
or
66%
something
66%
song
66%
that
66%
can
65%
one
65%
strange?
65%
Teeth
65%
Pumpkins
63%
there?"
63%
treat
63%
Trick
63%
Wind
63%
Wouldn't
63%
clown
62%
die
62%
Fingers
62%
next
62%
scare
62%
scene
62%
sharp
62%
through
62%
waiting
62%
"Who's
62%
black
60%
face
60%
surprise
60%
surprise!
60%
at
58%
blowing
58%
green
58%
La
58%
La,
58%
tear-away
58%
shadow
55%
that's
55%
That's
55%
'til
55%
without
55%
trash
54%
Aren't
52%
neighbors
52%
once,
52%
Say
52%
say
52%
It's
51%
man
51%
twice
51%
dice
49%
Everyone's
49%
Here
49%
just
49%
roll
49%
chance
48%
dreams
48%
gonna
48%
scared?
48%
Take
48%
very
48%
Well,
48%
brim
46%
Everybody's
46%
fine!
46%
patch
46%
corner,
45%
good
45%
guy?
45%
out
45%
special
45%
trace
45%
Won't
45%
gone
43%
jump
43%
please
43%
Ride
43%
slimy
43%
way
43%
we're
43%
banshee
42%
but
42%
Filling
42%
fun
42%
flash
40%
Life's
40%
mean
40%
not
40%
Round
40%
Skeleton
40%
ground
38%
job,
38%
skin!
38%
everywhere
37%
how
35%
Something's
35%
you'll
35%
back
32%
catch
32%
pounce,
32%
Tender
32%
lumplings
29%
might
29%
ya
23%
Wee!
15%
No matching quizzes found
Score Distribution
Percent of People with Each Score
Percentile by Number Answered
Your Score History
You have not taken this quiz